Statystyki dla gminy powiatu ciechanowskiego

Kliknij tutaj aby rozwiązać quiz!

Ogólne statystyki

  • Ten quiz został rozwiązany 55 razy
  • Średni wynik to 6 z 9

Odpowiedzi na mapie

Odpowiedzi skodowane kolorowo w zielono-czerwonej skali na mapie do tego quizu, zgodnie z poniższymi procentami.
 

Statystyki odpowiedzi

GminaOdpowiedź% Poprawnych
miejskaCiechanów
100%
wiejskaCiechanów
100%
wiejskaOpinogóra Górna
69%
miejsko-wiejskaGlinojeck
67%
wiejska
Sońsk
67%
wiejska
Regimin
61%
wiejskaGrudusk
53%
wiejskaGołymin-Ośrodek
47%
wiejskaOjrzeń
44%

Rozkład punktacji

Percentyl według liczby udzielonych odpowiedzi

Procent ludzi z każdym wynikiem

Twoja historia wyników

Nie rozwiązałeś tego quizu